[Event "Emanuel Lasker Open 2017"]
[Site "Gorzow"]
[Date "2017.06.14"]
[Round "3"]
[White "Koziak, Vitali"]
[Black "Simantsev, Mikhail"]
[Result "1/2-1/2"]
[WhiteElo "2515"]
[BlackElo "2486"]
[Annotator "TA"]
[PlyCount "79"]
[EventDate "2017.??.??"]
[EventType "swiss"]
[EventCountry "POL"]
[SourceTitle "playchess.com"]
[Source "ChessBase"]
[SourceQuality "1"]

{[%evp 15,79,0,19,8,20,16,12,0,0,0,0,0,13,13,13,17,12,-9,0,0,0,-17,-7,-10,-21,-20,-34,-33,0,0,0,0,0,0,0,0,0,0,0,0,0,0,0,0,0,0,0,0,43,52,177,170,158,0,0,0,0,0,0,0,0,0,0,0,0,0]} 1. Nf3 Nf6 2. c4 e6 3. Nc3 Bb4 4. g3 b6 5. Bg2 Bb7 6. O-O O-O 7. d3 d5 {A17: English Opening: 1...Nf6 with ...Bb4} (7... Bxc3 8. bxc3 c5 9. e4 d6 10. Nh4 Nc6 11. f4 Qe7 12. Bd2 Rad8 13. Qe2 Rfe8 14. Rae1 Qc7 15. g4 Nd7 16. g5 Nf8 17. Rf3 d5 18. cxd5 exd5 {1-0 (50) Vachier Lagrave,M (2758)-Socko,B (2599) Berlin 2015}) 8. cxd5 exd5 {LiveBook: 23 Games} 9. Bg5 Nbd7 $146 (9... Bxc3 $5 10. bxc3 h6 $11) ({Predecessor:} 9... Re8 10. a3 Bf8 11. d4 Nbd7 12. Rc1 h6 13. Bxf6 Nxf6 14. Ne5 c5 15. e3 Ne4 16. Qg4 Qg5 17. Qxg5 hxg5 18. Rfd1 Rad8 19. h3 f6 20. Nf3 Kf7 21. Nd2 {½-½ (21) Sgircea,S (2226)-Huda,M (2278) Predeal 2007}) 10. Rc1 h6 11. Bf4 Bxc3 12. bxc3 c5 13. h3 Re8 14. g4 Nf8 15. Bg3 Ng6 16. Qd2 Qe7 17. Rfe1 Rad8 {[%cal Ba8d8,Bd8d4,Bd4b4][%mdl 32]} 18. Qb2 d4 19. cxd4 Bxf3 $1 20. Bxf3 {And now dxc5 would win.} Rxd4 21. Red1 h5 {[%cal Rh5g4]} 22. e3 Rb4 23. Qe2 hxg4 24. hxg4 Ne5 25. Bxe5 Qxe5 26. Rc4 Rxc4 27. dxc4 g6 28. Kg2 Kg7 29. Qd3 Qg5 30. Qd6 Re5 31. Kf1 Ne8 32. Qb8 Nf6 ({Black should try} 32... Qe7 $14) 33. Rd8 $18 Re7 {[#]} 34. Rh8 $2 ({White must play} 34. Qc8 $1 $16 {Rh8 is the strong threat.} Qe5 {[#]} 35. g5 $1 {[%mdl 512]} Qxg5 36. Rh8) 34... Nxg4 $11 {The position is equal.} 35. Rg8+ Kf6 36. Qd6+ Re6 37. Qd8+ Re7 {aiming for ...Nh2+.} 38. Qd6+ Re6 39. Qd8+ Re7 {White must now prevent ...Nh2+.} 40. Qd6+ {Precision: White = 75%, Black = 64%.} 1/2-1/2

[Event "Emanuel Lasker Open 2017"]
[Site "Gorzow"]
[Date "2017.06.14"]
[Round "3"]
[White "Shishkin, Vadim"]
[Black "Llaneza Vega, Marcos"]
[Result "1/2-1/2"]
[WhiteElo "2454"]
[BlackElo "2424"]
[Annotator "TA"]
[PlyCount "80"]
[EventDate "2017.??.??"]
[EventType "swiss"]
[EventCountry "POL"]
[SourceTitle "playchess.com"]
[Source "ChessBase"]
[SourceQuality "1"]

{[%evp 14,80,22,12,25,-6,-4,-18,0,-53,-16,-33,-45,-45,-38,-39,-16,-12,0,8,1,0,14,0,49,-6,-6,-6,-5,-6,-6,-2,-6,-3,-3,-22,0,-8,0,-14,0,-25,21,17,43,9,3,2,15,0,0,0,122,0,61,9,20,13,14,0,129,-8,-9,-16,0,0,0,0,0]} 1. d4 Nf6 2. c4 e6 3. Nc3 Bb4 4. Qc2 d5 5. cxd5 Qxd5 6. e3 c5 7. a3 Bxc3+ 8. bxc3 O-O {E34: Nimzo-Indian: Classical: 4...d5} 9. f3 (9. Nf3 b6 10. c4 Qc6 11. Bb2 cxd4 12. Bd3 Nbd7 13. exd4 Bb7 14. O-O Rac8 15. Rfe1 Rfd8 16. a4 Nf8 17. Bf1 Ng6 {1-0 (43) Ivanisevic,I (2650)-Djukic,N (2534) Kragujevac 2016}) 9... Nc6 {[%cal Rc5d4]} 10. Bb2 $146 ({Predecessor:} 10. e4 Qd8 11. dxc5 Qa5 12. Be3 Nd7 13. a4 a6 14. Ne2 Nxc5 15. Nf4 Rd8 16. Kf2 {0-1 (38) Saric,S (2412)-Bogosavljevic,B (2516) Vrbas 2015}) 10... Bd7 11. c4 ({Better is} 11. e4 $11 Qh5 12. g4) 11... Qd6 {[%cal Rc5d4]} 12. Rd1 cxd4 13. exd4 Rac8 14. Bd3 Na5 {Threatens to win with ...Nxc4!} 15. c5 $1 {[%cal Rc5d6]} Qd5 16. Ne2 b6 17. O-O Rfd8 {[%cal Rb6c5]} 18. Bc3 (18. Nf4 $5 {[%cal Rf4d5]} Qb3 19. Qxb3 Nxb3 20. Bc2 $11) 18... Nc6 19. cxb6 (19. Ba6 $14) 19... axb6 $11 20. Qb2 Na5 21. Qxb6 Nc4 22. Bxc4 $1 Qxc4 23. Qb2 Nd5 {[%cal Rd5c3]} 24. Rc1 {[#] aiming for Ba5.} Qd3 (24... Bb5 $5 {[%cal Rc4e2]} 25. Rfe1 Qa4 $11) 25. Rfe1 h5 26. Ba5 Re8 27. Bb4 Bb5 28. Bc5 Rb8 {White should prevent ...Qe3+.} 29. Nc3 Ba6 30. Qc2 Nf4 $1 31. Kh1 (31. g3 $5 {[%cal Rg3f4]} Qxc2 32. Rxc2 $14) 31... Rbc8 32. Ne4 {[#] Nd6 is the strong threat.} Red8 (32... Qxc2 $11 33. Rxc2 Red8) 33. Red1 (33. Qf2 $16) 33... Qe2 (33... Qxc2 $11 34. Rxc2 f5) 34. Qxe2 (34. Rd2 $14 Qb5 35. g3 (35. Ng5 g6 $14)) 34... Nxe2 35. Ra1 $36 {[%mdl 2048] White fights for an advantage.} Rd5 36. Ng3 e5 (36... Nxg3+ $11 {keeps the balance.} 37. hxg3 e5) 37. Nxe2 (37. Nf5 $16 Rd7 38. Ne7+ Rxe7 39. Bxe7 exd4 40. Bb4) 37... Bxe2 {The position is equal.} 38. Re1 exd4 39. Bxd4 Bxf3 40. Bg1 Bg4 {Precision: White = 27%, Black = 34%.} 1/2-1/2

[Event "Emanuel Lasker Open 2017"]
[Site "Gorzow"]
[Date "2017.06.14"]
[Round "3"]
[White "Ivanov, Mikhail M"]
[Black "Kumala, Aleksander"]
[Result "1-0"]
[WhiteElo "2425"]
[BlackElo "2224"]
[Annotator "TA"]
[PlyCount "95"]
[EventDate "2017.??.??"]
[EventType "swiss"]
[EventCountry "POL"]
[SourceTitle "playchess.com"]
[Source "ChessBase"]
[SourceQuality "1"]

{[%evp 18,95,26,26,34,22,37,24,25,30,41,27,43,53,214,63,51,58,96,95,95,95,98,86,93,60,93,93,79,79,79,79,79,79,94,79,97,98,106,89,102,79,118,119,110,97,132,95,100,73,120,119,120,125,139,129,124,115,136,154,241,208,211,212,255,193,350,345,539,520,790,756,858,858,12833,12834,6103,6103,29989,29990]} 1. d4 Nf6 2. c4 e6 3. Nc3 d5 4. cxd5 exd5 5. Bg5 c6 6. e3 Bf5 7. Qf3 Bg6 8. Bxf6 Qxf6 9. Qxf6 gxf6 10. h4 {LiveBook: 93 Games} a5 {D35: Queen's Gambit Declined: Exchange Variation} 11. h5 Bf5 12. Nf3 a4 $146 {White has an edge.} ({Predecessor:} 12... Nd7 13. Nh4 Be6 14. Bd3 Nb6 15. f3 h6 16. Kf2 Rg8 17. g4 Bb4 18. Rac1 {½-½ (50) Jussupow,A (2628)-Bellini,F (2484) Switzerland 2000}) 13. Nh4 a3 14. b3 Bb4 15. Rc1 $36 {[%mdl 2048] White has the initiative.} Bb1 $2 {[#]} ({Black should play} 15... Be6 $14) 16. Rxb1 $2 ({White has to play} 16. Kd2 $1 $18 Bxa2 17. Kc2) 16... Bxc3+ $14 17. Kd1 $1 Na6 {Strongly threatening ...Nb4.} 18. Bxa6 Rxa6 19. Kc2 Bb4 20. g4 Kd7 21. Rbd1 Raa8 22. Nf5 Rhg8 23. f3 Rae8 24. Rh2 Re6 25. Re2 Kc7 26. Kd3 Kd7 27. Rg1 Kc7 28. Nh6 Rf8 29. e4 dxe4+ 30. fxe4 Rd8 31. Nf5 ({Much weaker is} 31. Nxf7 $6 Rd7 $11) 31... Bc5 32. Kc4 Ba7 33. Rgg2 Rd7 34. g5 fxg5 35. Rxg5 b5+ 36. Kc3 c5 {[%cal Rc5d4]} 37. Kd3 cxd4 {[#]} 38. Rc2+ $1 Kb7 (38... Rc6 $16) 39. Rg7 $18 h6 40. Rh7 Bb6 41. Rxh6 {Black must now prevent Rh8.} Bc7 $2 (41... Rd8) 42. Rh8 Bf4 (42... Be5 {was called for.}) 43. h6 Rxe4 (43... Rc7 $142 44. Rxc7+ Kxc7) 44. h7 Re1 {[#]} 45. Rb8+ $1 {[%mdl 512]} Kxb8 46. h8=Q+ Ka7 47. Qc8 Rd1+ 48. Ke4 {Precision: White = 55%, Black = 37%.} 1-0

[Event "Emanuel Lasker Open 2017"]
[Site "Gorzow"]
[Date "2017.06.14"]
[Round "3"]
[White "Janik, Igor"]
[Black "Tomczak, Mikolaj"]
[Result "1/2-1/2"]
[WhiteElo "2422"]
[BlackElo "2391"]
[Annotator "TA"]
[PlyCount "53"]
[EventDate "2017.??.??"]
[EventType "swiss"]
[EventCountry "POL"]
[SourceTitle "playchess.com"]
[Source "ChessBase"]
[SourceQuality "1"]

{[%evp 23,53,8,12,10,19,20,13,10,14,17,26,0,17,0,0,0,0,0,0,0,0,-2,0,-11,-11,-11,-14,-28,-40,-38,-14,-16]} 1. e4 e6 2. d4 d5 3. Nd2 c5 4. exd5 exd5 5. Ngf3 Nf6 6. Bb5+ Bd7 7. Qe2+ Be7 8. dxc5 O-O 9. Nb3 Re8 10. Be3 a6 11. Bd3 Ba4 12. Nfd4 Nbd7 13. O-O {C08: French Tarrasch: 3...c5 4 exd5 exd5 sidelines} (13. O-O-O Bxb3 14. Nxb3 Nxc5 15. Qf3 Nxd3+ 16. Rxd3 a5 17. Nd4 a4 18. Nf5 a3 19. b3 Ne4 20. Qg4 g6 21. Nh6+ Kg7 22. Nf5+ Kg8 23. Nh6+ Kg7 24. Nf5+ {½-½ (24) Akopian,V (2691)-Socko,B (2657) Khanty-Mansiysk 2010}) 13... Bxb3 14. Nxb3 Nxc5 15. Qf3 Nxd3 16. cxd3 Qd7 17. Bd4 $146 ({Predecessor:} 17. h3 a5 18. Nd4 Bc5 19. Nf5 Bxe3 20. fxe3 {½-½ (41) Nikolenko,O (2495)-Dolmatov,S (2570) Moscow 1998}) 17... Rac8 18. Bc3 (18. Rac1 {is more complex.} Rxc1 19. Rxc1 Qa4 20. Ra1 Bd8 21. g3) 18... Qg4 19. Qxg4 Nxg4 20. h3 Nf6 21. Rfe1 Nd7 22. Re3 Bf8 23. Rg3 f6 24. Kf1 Kf7 25. Re1 Rxe1+ 26. Kxe1 Nc5 27. Nxc5 {Precision: White = 57%, Black = 65%.} 1/2-1/2

[Event "Emanuel Lasker Open 2017"]
[Site "Gorzow"]
[Date "2017.06.14"]
[Round "3"]
[White "Sabuk, Piotr"]
[Black "Kubicka, Anna"]
[Result "1-0"]
[WhiteElo "2368"]
[BlackElo "2168"]
[Annotator "ChessBase"]
[PlyCount "51"]
[EventDate "2017.??.??"]
[EventType "swiss"]
[EventCountry "POL"]
[SourceTitle "playchess.com"]
[Source "ChessBase"]
[SourceQuality "1"]
[TimeControl "40/5400+30:1800+30"]

1. d4 {[%emt 0:00:00]} Nf6 {[%emt 0:00:34]} 2. c4 {[%emt 0:00:15]} g6 {[%emt 0:00:08]} 3. Nc3 {[%emt 0:00:39]} Bg7 {[%emt 0:00:08]} 4. e4 {[%emt 0:00:17]} d6 {[%emt 0:00:06]} 5. Nf3 {[%emt 0:00:47]} O-O {[%emt 0:00:12]} 6. h3 {[%emt 0:00:45]} Na6 {[%emt 0:00:22]} 7. Be3 {[%emt 0:04:53]} e5 {[%emt 0:01:13]} 8. d5 {[%emt 0:03:04]} Nh5 {[%emt 0:01:13]} 9. g3 {[%emt 0:04:10]} Qe8 {[%emt 0:01:20]} 10. Be2 {[%emt 0:05:14]} f5 {[%emt 0:01:16]} 11. exf5 {[%emt 0:01:24]} gxf5 {[%emt 0:06:19]} 12. Nh4 {[%emt 0:00:37]} Nf6 {[%emt 0:01:18]} 13. Qc2 {[%emt 0:02:27]} Nc5 {[%emt 0:09:54]} 14. O-O-O {[%emt 0:07:49]} c6 {[%emt 0:14:32]} 15. g4 {[%emt 0:14:47]} cxd5 {[%emt 0:06:03]} 16. cxd5 {[%emt 0:02:54]} Nce4 {[%emt 0:11:41]} 17. Nxe4 {[%emt 0:07:23]} Nxe4 {[%emt 0:06:19]} 18. Kb1 {[%emt 0:01:03]} Qd8 {[%emt 0:12:55]} 19. Nxf5 {[%emt 0:01:53]} Bxf5 {[%emt 0:00:42]} 20. gxf5 {[%emt 0:00:10]} Qh4 {[%emt 0:01:35]} 21. Bb5 {[%emt 0:08:57]} Rxf5 {[%emt 0:07:24]} 22. Rhg1 {[%emt 0:03:59]} Rg5 {[%emt 0:11:13]} 23. Bxg5 {[%emt 0:02:40]} Nxg5 {[%emt 0:00:02]} 24. Rg4 {[%emt 0:00:33]} Qh5 {[%emt 0:00:52]} 25. Rdg1 {[%emt 0:00:36]} h6 {[%emt 0:01:32]} 26. h4 {[%emt 0:01:10]} 1-0

[Event "Emanuel Lasker Open 2017"]
[Site "Gorzow"]
[Date "2017.06.14"]
[Round "3"]
[White "Aliavdin, Nikolai"]
[Black "Dzhuguryan, Tygran"]
[Result "1/2-1/2"]
[WhiteElo "2351"]
[BlackElo "2167"]
[Annotator "ChessBase"]
[PlyCount "118"]
[EventDate "2017.??.??"]
[EventType "swiss"]
[EventCountry "POL"]
[SourceTitle "playchess.com"]
[Source "ChessBase"]
[SourceQuality "1"]
[TimeControl "40/5400+30:1800+30"]

1. e4 {[%emt 0:00:00]} c6 {[%emt 0:00:28]} 2. d4 {[%emt 0:00:08]} d5 {[%emt 0:00:07]} 3. Nd2 {[%emt 0:00:10]} g6 {[%emt 0:00:12]} 4. Ngf3 {[%emt 0:00:39]} Bg7 {[%emt 0:00:11]} 5. Bd3 {[%emt 0:01:19]} Nd7 {[%emt 0:01:53]} 6. Qe2 {[%emt 0:02:08]} Nh6 {[%emt 0:00:29]} 7. O-O {[%emt 0:03:57]} O-O {[%emt 0:00:04]} 8. h3 {[%emt 0:02:25]} c5 {[%emt 0:05:19]} 9. dxc5 {[%emt 0:17:31]} Nxc5 {[%emt 0:00:23]} 10. exd5 {[%emt 0:00:10]} Qxd5 {[%emt 0:00:15]} 11. Bc4 {[%emt 0:00:30]} Qd6 {[%emt 0:00:18]} 12. Nb3 {[%emt 0:01:09]} Nf5 {[%emt 0:04:31]} 13. Rd1 {[%emt 0:01:13]} Qc7 {[%emt 0:00:14]} 14. c3 {[%emt 0:03:02]} Ne6 {[%emt 0:05:38]} 15. Bd3 {[%emt 0:14:40]} Nf4 {[%emt 0:02:13]} 16. Bxf4 {[%emt 0:00:21]} Qxf4 {[%emt 0:00:02]} 17. Bxf5 {[%emt 0:04:29]} Bxf5 {[%emt 0:00:08]} 18. Nbd4 {[%emt 0:00:26]} Be4 {[%emt 0:02:01]} 19. g3 {[%emt 0:02:49]} Bxf3 {[%emt 0:00:08]} 20. Nxf3 {[%emt 0:00:13]} Qc7 {[%emt 0:04:43]} 21. Rd3 {[%emt 0:01:08]} Rfd8 {[%emt 0:02:31]} 22. Rad1 {[%emt 0:00:19]} Rxd3 {[%emt 0:02:33]} 23. Qxd3 {[%emt 0:00:26]} Bf6 {[%emt 0:00:23]} 24. Nh2 {[%emt 0:07:49]} Rc8 {[%emt 0:09:04]} 25. Ng4 {[%emt 0:00:28]} Bg7 {[%emt 0:00:03]} 26. Qb5 {[%emt 0:02:00]} a6 {[%emt 0:00:25]} 27. Qd7 {[%emt 0:04:01]} h5 {[%emt 0:00:23]} 28. Ne3 {[%emt 0:00:34]} e6 {[%emt 0:00:23]} 29. h4 {[%emt 0:07:32]} Bf8 {[%emt 0:03:34]} 30. Ng2 {[%emt 0:02:01]} b5 {[%emt 0:03:35]} 31. a3 {[%emt 0:00:57]} Qxd7 {[%emt 0:03:39]} 32. Rxd7 {[%emt 0:00:06]} Bh6 {[%emt 0:03:07]} 33. Ne3 {[%emt 0:01:34]} Rc6 {[%emt 0:01:58]} 34. Kf1 {[%emt 0:00:14]} Bxe3 {[%emt 0:13:27]} 35. fxe3 {[%emt 0:00:14]} Rc4 {[%emt 0:01:22]} 36. Ra7 {[%emt 0:02:18]} Ra4 {[%emt 0:00:46]} 37. Ke2 {[%emt 0:01:13]} Kg7 {[%emt 0:00:23]} 38. Kf3 {[%emt 0:00:23]} Kf6 {[%emt 0:00:38]} 39. e4 {[%emt 0:02:11]} Ke5 {[%emt 0:00:30]} 40. Rxf7 {[%emt 0:00:00]} Rxe4 {[%emt 0:00:05]} 41. Rg7 {[%emt 0:04:12]} Rg4 {[%emt 0:00:30]} 42. b3 {[%emt 0:01:40]} Kf6 {[%emt 0:02:59]} 43. Ra7 {[%emt 0:00:21]} g5 {[%emt 0:00:02]} 44. Rxa6 {[%emt 0:05:09]} gxh4 {[%emt 0:00:06]} 45. gxh4 {[%emt 0:00:09]} Rxh4 {[%emt 0:00:07]} 46. Rb6 {[%emt 0:00:20]} Rh3+ {[%emt 0:00:32]} 47. Kg2 {[%emt 0:01:06]} Rxc3 {[%emt 0:00:11]} 48. Rxb5 {[%emt 0:00:05]} Ke7 {[%emt 0:02:41]} 49. a4 {[%emt 0:00:31]} Kd6 {[%emt 0:00:01]} 50. a5 {[%emt 0:04:36]} Kc6 {[%emt 0:00:08]} 51. Rb6+ {[%emt 0:00:14]} Kc7 {[%emt 0:00:02]} 52. b4 {[%emt 0:01:42]} Rc4 {[%emt 0:00:13]} 53. Kg3 {[%emt 0:03:08]} e5 {[%emt 0:13:33]} 54. b5 Ra4 55. Rc6+ Kd7 56. a6 Ra5 57. Rb6 Kc7 58. Rb7+ Kc8 59. Kh4 e4 1/2-1/2

[Event "Emanuel Lasker Open 2017"]
[Site "Gorzow"]
[Date "2017.06.14"]
[Round "3"]
[White "Kucza, Karol"]
[Black "Voloshin, Leonid"]
[Result "0-1"]
[WhiteElo "2278"]
[BlackElo "2389"]
[Annotator "TA"]
[PlyCount "130"]
[EventDate "2017.??.??"]
[EventType "swiss"]
[EventCountry "POL"]
[SourceTitle "playchess.com"]
[Source "ChessBase"]
[SourceQuality "1"]

{[%evp 21,130,-8,0,-58,-48,-50,-60,-68,-47,-52,-25,-73,-73,-81,-74,-66,-6,-106,-115,-110,-109,-135,-132,-142,-135,-129,-102,-129,-120,-128,-122,-136,-127,-121,-126,-131,-114,-116,-55,-173,-169,-193,-204,-189,-198,-204,-204,-198,-203,-201,-193,-188,-111,-121,-116,-116,-114,-117,-81,-105,-106,-120,-109,-137,-89,-86,-72,-72,-72,-72,-72,-72,-72,-72,-72,-147,-147,-147,-147,-147,-147,-147,-147,-147,-147,-147,-147,-147,-147,-29959,-29960,-29964,-29959,-29965,-29968,-29968,-29969,-29970,-29970,-29974,-29975,-29976,-29977,-29971,-29974,-29980,-29981,-29981,-29982,-29982,-29983]} 1. Nf3 Nf6 2. c4 e6 3. d4 b6 4. g3 Ba6 5. b3 Bb4+ 6. Bd2 Be7 7. Bg2 c6 8. O-O O-O 9. Qc2 d5 10. Bf4 Nbd7 11. Rd1 Rc8 12. Ne5 {E15: Queen's Indian: 4 g3 sidelines, 4 g3 Ba6 and 4 g3 Bb7 early deviations} (12. Nc3 $11) (12. Nc3 Nh5 13. Bc1 Nhf6 14. Bf4 h6 15. e4 dxc4 16. Nd2 b5 17. bxc4 bxc4 18. Bf1 Nb6 19. a4 g5 20. Be3 Ng4 21. a5 Nxe3 22. fxe3 Nd7 23. Bxc4 Bb5 {0-1 (63) Wojtaszek,R (2749)-Karjakin,S (2785) Doha 2016}) 12... Nxe5 13. dxe5 Nd7 $1 14. h4 {Black is slightly better.} Qc7 15. Qc3 b5 $146 {[%cal Rb5c4]} ({Predecessor:} 15... dxc4 16. bxc4 b5 17. Nd2 Nc5 18. Rac1 Rfd8 19. Qc2 h6 20. cxb5 cxb5 {0-1 (67) Guner,B (2100)-Sulashvili,M (2415) Istanbul 2012}) 16. Nd2 bxc4 17. bxc4 Nb6 $1 {[%cal Rb6c4]} 18. cxd5 cxd5 (18... Nxd5 $15 19. Qf3 Rb8) 19. Qf3 (19. Qxc7 $11 Rxc7 20. e4) 19... Nd7 20. e4 Nxe5 21. Qh5 Bf6 $1 22. exd5 g6 23. Qh6 Bg7 24. Qg5 h6 25. Bxe5 Bxe5 26. Qxh6 Bxa1 27. Rxa1 Qe5 $36 {[%mdl 2048] Black is in control.} 28. Rd1 exd5 29. Nf3 Qg7 (29... Qf6 $17 {Strongly threatening ...Rc2.} 30. Rxd5 Rfd8 31. Rxd8+ Rxd8) 30. Qe3 (30. Qf4 $1 $15) 30... Qc3 $19 {And now ...Qxe3 would win.} 31. Qf4 Be2 $1 {[%cal Re2d1]} 32. Rxd5 Qc1+ 33. Kh2 Qxf4 34. gxf4 Rfd8 35. Ra5 Bxf3 36. Bxf3 {[%mdl 4096] Endgame KRR-KRB} Rc7 (36... Rd4 $19 {Threatens to win with ...Rc3.} 37. f5 Rc3) 37. f5 $17 gxf5 38. Rxf5 Rd4 39. h5 Rcd7 40. Kg3 Kg7 41. Ra5 Rd3 42. Kf4 Rd2 43. Kg3 R2d6 44. Be4 Kh6 45. Kg4 Rf6 46. f3 a6 47. Kg3 Rd8 {White must now prevent ...Rg8+.} 48. Bb7 ({Better is} 48. Kf2) 48... Rg8+ 49. Kf2 {[#]} Rb8 $1 {[%cal Rb8b7]} 50. Rxa6 Rxa6 51. Bxa6 {KR-KB} Rb2+ 52. Kg3 Rxa2 53. Bc4 Ra7 54. Bd5 Kxh5 55. Kf4 $2 {[%mdl 8192] [#]} (55. Be4 $17) 55... Kg6 $1 {Black mates.} 56. Bc6 Ra5 57. Be4+ f5 58. Bc6 Kf6 59. Bb7 Ra4+ 60. Ke3 Ke5 61. Bc6 Ra3+ 62. Kf2 Kf4 63. Bd5 Rd3 64. Bb7 Rd2+ 65. Ke1 Ke3 {Precision: White = 38%, Black = 73%.} 0-1

[Event "Emanuel Lasker Open 2017"]
[Site "Gorzow"]
[Date "2017.06.14"]
[Round "3"]
[White "Goluch, Piotr"]
[Black "Sergeev, Vladimir"]
[Result "1-0"]
[WhiteElo "2252"]
[BlackElo "2446"]
[Annotator "TA"]
[PlyCount "163"]
[EventDate "2017.??.??"]
[EventType "swiss"]
[EventCountry "POL"]
[SourceTitle "playchess.com"]
[Source "ChessBase"]
[SourceQuality "1"]

{[%evp 11,163,0,33,0,0,-40,24,-47,-41,-36,-39,-39,-21,-14,-14,-20,-22,-44,-4,-11,-16,-26,-15,-3,-4,-18,-16,-20,-25,-22,0,0,25,26,87,25,30,45,68,0,17,4,31,0,0,0,0,0,7,8,12,8,8,0,0,0,0,0,0,0,14,8,8,8,8,8,8,8,8,8,8,8,8,7,12,12,12,8,8,8,8,8,8,8,8,2,3,2,2,2,2,2,8,8,8,8,8,0,5401,29971,29971,29972,29972,29973,29973,29974,29974,29975,29973,29976,29972,29976,29974,29975,29987,29981,29981,29980,29978,29979,29990,29975,29975,29976,29975,29976,29976,29976,29978,29979,29979,29980,29980,29979,29979,29978,29978,29979,29979,29969,29979,29980,29980,29981,29981,29981,29982,29983,29983,29984,29984,29985,29985,29984]} 1. e4 c6 2. d4 d5 3. e5 Bf5 4. h4 h6 5. g4 Bd7 6. h5 e6 {LiveBook: 54 Games. B12: Caro-Kann: Advance Variation} (6... c5 $5) (6... c5 7. c3 Nc6 8. Na3 Qb6 9. dxc5 Qxc5 10. Be3 Qa5 11. f4 e6 12. Nc2 f6 13. Nf3 fxe5 14. fxe5 {1-0 (35) Perunovic,M (2622)-Dreev,A (2644) Berlin 2015}) 7. Nc3 c5 8. Nge2 Ne7 $146 (8... Nc6 $15) ({Predecessor:} 8... Nc6 9. f4 Qb6 10. Be3 cxd4 11. Nxd4 Bc5 12. Na4 Qa5+ 13. c3 Nxd4 14. Nxc5 Qxc5 15. Bxd4 {0-1 (49) Scott,I-Karim,A Novi Sad 1990}) 9. Bg2 (9. f4 $11) 9... Nec6 10. f4 cxd4 11. Nxd4 Nxd4 12. Qxd4 Nc6 13. Qf2 Rc8 {White should prevent ...d4.} 14. O-O Qb6 15. Qxb6 axb6 16. Be3 Bc5 (16... b5 $5) 17. Bxc5 bxc5 18. Nb5 Ke7 19. Nd6 Rb8 20. c4 dxc4 21. Nxc4 b5 22. Nd6 Nd4 (22... c4 $11) 23. Kf2 (23. Rf2 $16) 23... f6 $11 24. Rac1 {Hoping for Ke3.} c4 $1 25. Ke3 (25. Rfd1 $14 fxe5 26. fxe5 Rhf8+ 27. Ke3) 25... Nc6 $1 26. Bxc6 Bxc6 27. b3 Bd5 28. bxc4 bxc4 29. Nxc4 Rhd8 30. Nd6 Bxa2 31. Rc7+ Rd7 32. Rxd7+ Kxd7 {[%mdl 4096] Endgame KRB-KRN} 33. g5 Bd5 34. Ra1 fxe5 35. fxe5 {Ra7+ is the strong threat.} Ke7 36. gxh6 gxh6 37. Ra7+ Kf8 38. Rh7 {Strongly threatening Rh8+.} Rb3+ 39. Kd4 Rh3 40. Rxh6 Kg7 $1 {[%cal Rg7h6]} 41. Rg6+ Kh7 42. Ne8 {White threatens Nf6+ and mate.} Rh4+ 43. Kc5 {Intending Nf6+ and mate.} Rxh5 44. Rg1 Rh1 $132 {[%mdl 2048] Black is not keeping still} 45. Nf6+ (45. Rg3 $5 {[%cal Re8f6]} Rd1 46. Kd6 Bc4+ 47. Ke7 $14) 45... Kh6 46. Rg3 Ba2 47. Kd6 Rb1 48. Rg2 Rb6+ 49. Ke7 Rb7+ 50. Nd7 Bd5 51. Rg3 Rb3 52. Rg1 Rb7 53. Kd6 Rb2 54. Nf6 (54. Nf8 $5 {[%cal Rf8e6]}) 54... Rg2 $2 {[%mdl 8192]} (54... Rb6+ $11 55. Kc5 Rc6+ 56. Kb5 Rc3) 55. Rh1+ $18 Kg7 {White mates.} 56. Nxd5 exd5 {KR-KR} 57. e6 Ra2 {[#]} 58. Rg1+ $1 Kf6 59. Rf1+ Kg7 60. Rf7+ Kg8 61. Rd7 Ra6+ 62. Ke5 Ra8 63. Kf6 Rf8+ 64. Kg6 Ra8 65. Rg7+ ({Stronger than} 65. e7 Ra6+ 66. Kf5 Kf7 $11) 65... Kh8 66. Kf6 Rf8+ {[#]} 67. Rf7 $1 Kg8 68. Ke7 Ra8 69. Rf5 Ra7+ 70. Kf6 Ra6 71. Rg5+ Kf8 72. Rh5 {[%cal Rh5h8]} Kg8 73. Rh3 d4 74. Rb3 d3 75. Rb8+ Kh7 76. Rd8 d2 77. Rxd2 Kg8 78. Rd8+ Kh7 79. Kf7 Ra1 80. e7 Rf1+ 81. Ke6 Re1+ 82. Kd6 {Precision: White = 64%, Black = 68%.} 1-0